00000000cam 2200000zi 4500
0019.958188
003CaOODSP
00520251211142052
006m     o  d f      
007cr |n|||||||||
008251211s1929    nsc     ob   f|0| 0 eng d
040 |aCaOODSP|beng|erda|cCaOODSP
043 |an-cn---
0861 |aFs52-5/31-1929E-PDF
1001 |aBrocklesby, H. N., |eauthor.
24512|aA chemical study of the oil of salmon in cold storage / |cH.N. Brocklesby.
264 1|a[Halifax] : |bBiological Board of Canada, |c1929.
300 |a1 online resource (10, [11] pages).
336 |atext|btxt|2rdacontent
337 |acomputer|bc|2rdamedia
338 |aonline resource|bcr|2rdacarrier
4901 |aManuscript reports of the experimental stations ; |vno. 31
500 |aDigitized edition from print [produced by Department of Fisheries and Oceans].
504 |aIncludes bibliographical references (page [1]).
520 |a"The investigation to be reported in this manuscript is one which was undertaken in connection with the general study of the changes which occur in fish when stored for short and long periods in cold storage. It is of a preliminary character only"--page 1.
650 0|aRefrigeration and refrigerating machinery|xResearch.
650 0|aFrozen salmon.
650 0|aFish oils.
650 6|aRéfrigération et appareils frigorifiques|xRecherche.
650 6|aSaumon congelé.
650 6|aHuiles de poisson.
7102 |aBiological Board of Canada, |eissuing body.
830#0|aManuscript reports of the experimental stations ;|vno. 31.|w(CaOODSP)9.948621
85640|qPDF|s7.93 MB|uhttps://publications.gc.ca/collections/collection_2025/mpo-dfo/fs52-5/Fs52-5-31-1929-eng.pdf